[Event "Berlin Spring op-B"]
[Site "Berlin"]
[Date "2014.05.02"]
[Round "4"]
[White "Ackermann, Richard"]
[Black "Bangert, Benjamin"]
[Result "0-1"]
[WhiteElo "1116"]
[BlackElo "1721"]
[PlyCount "54"]
[EventDate "2014.05.01"]
[EventType "swiss"]
[EventRounds "7"]
[EventCountry "GER"]
[SourceTitle "CBM 160 Extra"]
[Source "ChessBase"]
[SourceDate "2014.07.01"]
[SourceVersion "1"]
[SourceVersionDate "2014.07.01"]
[SourceQuality "1"]

1. e4 e6 2. d4 d5 3. e5 c5 4. c3 Nc6 5. Ne2 Qb6 6. g3 Nge7 7. Bg2 Nf5 8. Be3 cxd4 9. cxd4 Qxb2 10. Nbc3 Qb6 11. 0-0 Be7 12. Qd2 0-0 13. Rad1 Bd7 14. Nf4 Na5 15. Nce2 Nc4 16. Qd3 Nb2 17. Qc3 Nxd1 18. Rxd1 Ba4 19. Rb1 Qxb1+ 20. Bc1 Rfc8 21. Qe1 Nxd4 22. Qd2 Nxe2+ 23. Nxe2 Rc2 24. Qe1 Rac8 25. Bd2 Qxe1+ 26. Bxe1 Rxe2 27. Kf1 Bb5 0-1